Library Banner

(اسلام اور مذاہب عالم)Islam aur mazhaahb-e-Alam (Urdu) (Record no. 38725)

MARC details
000 -LEADER
fixed length control field 00699nam a2200193Ia 4500
001 - CONTROL NUMBER
control field 39416
003 - CONTROL NUMBER IDENTIFIER
control field OSt
005 - DATE AND TIME OF LATEST TRANSACTION
control field 20160505095327.0
008 - FIXED-LENGTH DATA ELEMENTS--GENERAL INFORMATION
fixed length control field 140423s9999 xx 000 0 und d
020 ## - INTERNATIONAL STANDARD BOOK NUMBER
International Standard Book Number NA
040 ## - CATALOGING SOURCE
Transcribing agency PK-LaUMT
082 ## - DEWEY DECIMAL CLASSIFICATION NUMBER
Classification number 291
Item number MAZ-I
100 ## - MAIN ENTRY--PERSONAL NAME
Personal name Mazhar ud Din Siddiqi, Muhammad
245 ## - TITLE STATEMENT
Title (اسلام اور مذاہب عالم)Islam aur mazhaahb-e-Alam (Urdu)
Remainder of title (تقابلی مطالعہ)taqabli mutaleah
Statement of responsibility, etc (مظہر الدین صدیقی، محمد)Mazhar ud Din Siddiqi, Muhammad
260 ## - PUBLICATION, DISTRIBUTION, ETC. (IMPRINT)
Place of publication, distribution, etc (لاہور،پاکستان)Lahore,Pakistan:
Name of publisher, distributor, etc (ادارہ ثقافت اسلامیہ)Idarah-e-Sikaft-e-Islamia,
Date of publication, distribution, etc 2002
300 ## - PHYSICAL DESCRIPTION
Extent 246 p.
546 ## - LANGUAGE NOTE
Language note UR
942 ## - ADDED ENTRY ELEMENTS (KOHA)
Koha item type Books
Source of classification or shelving scheme Dewey Decimal Classification
Holdings
Withdrawn status Lost status Damaged status Not for loan Home library Current library Date acquired Total Checkouts Full call number Barcode Date last seen Price effective from Koha item type
        UMT Main Campus UMT Main Campus 2014-04-23   291 MAZ-I 42172 2014-05-05 2014-05-05 Books